[Event "20. Obert Int. Sant Marti 2018"]
[Site "Barcelona ESP"]
[Date "2018.07.13"]
[Round "1.6"]
[White "Cuartas, Jaime Alexander"]
[Black "Gomez Barrera, Javiera Belen"]
[Result "1-0"]
[WhiteElo "2508"]
[BlackElo "2063"]
[PlyCount "91"]
[EventDate "2018.07.13"]
[EventType "swiss"]
[EventRounds "9"]
[EventCountry "ESP"]
[SourceTitle "Ajedrez en Madrid"]
[Source "lmi"]
[SourceDate "2018.07.13"]
[SourceVersion "1"]
[SourceVersionDate "2019.06.21"]
[SourceQuality "1"]

1. Nf3 Nf6 2. d4 g6 3. Nc3 d5 4. Bf4 Bg7 5. Nb5 Na6 6. e3 c6 7. Nc3 Nc7 8. h3
O-O 9. Be2 Re8 10. O-O b6 11. b4 Bb7 12. Rb1 Ne4 13. Qe1 Nd6 14. a4 f6 15. e4
e5 16. dxe5 fxe5 17. Bg5 Bf6 18. Bxf6 Qxf6 19. Bd3 d4 20. Ne2 Ne6 21. Nd2 c5
22. f3 Rac8 23. Nc4 Nxc4 24. Bxc4 Kg7 25. b5 Rcd8 26. a5 Bc8 27. axb6 axb6 28.
Ra1 Nf4 29. Ra7+ Rd7 30. Ra8 Rde7 31. Nxf4 Qxf4 32. Qe2 Qg5 33. Ra3 h5 34. Kh1
h4 35. Rfa1 Be6 36. Ra6 Bxc4 37. Qxc4 Rb8 38. Qd5 Qf6 39. Kg1 Qe6 40. Qxe6 Rxe6
41. Ra7+ Kf6 42. Rh7 Kg5 43. Raa7 Rd8 44. Kf2 Rf8 45. g3 d3 46. f4+ 1-0

[Event "20. Obert Int. Sant Marti 2018"]
[Site "Barcelona ESP"]
[Date "2018.07.13"]
[Round "1.11"]
[White "Palacin Martin, Ricardo"]
[Black "Aguero Jimenez, Luis Lazaro"]
[Result "0-1"]
[WhiteElo "2044"]
[BlackElo "2473"]
[PlyCount "52"]
[EventDate "2018.07.13"]
[EventType "swiss"]
[EventRounds "9"]
[EventCountry "ESP"]
[SourceTitle "Ajedrez en Madrid"]
[Source "lmi"]
[SourceDate "2018.07.13"]
[SourceVersion "1"]
[SourceVersionDate "2019.06.21"]
[SourceQuality "1"]

1. e4 c5 2. Nf3 e6 3. d4 cxd4 4. Nxd4 Qb6 5. c3 Qc7 6. f4 a6 7. Be2 d6 8. O-O
Nf6 9. Qd3 Nbd7 10. Nb3 b6 11. c4 Bb7 12. Nc3 Be7 13. f5 Ne5 14. Qg3 Nxe4 15.
Nxe4 Bxe4 16. Qxg7 O-O-O 17. Qh6 Rdg8 18. g3 exf5 19. Be3 Rg6 20. Qf4 h5 21.
Nd4 Bg5 22. Qf2 h4 23. Nxf5 hxg3 24. Nxg3 Rf6 25. Bxb6 Rxf2 26. Bxc7 Rg2+ 0-1

[Event "20. Obert Int. Sant Marti 2018"]
[Site "Barcelona ESP"]
[Date "2018.07.13"]
[Round "1.12"]
[White "Iniyan, P."]
[Black "Dahale, Atul"]
[Result "0-1"]
[WhiteElo "2451"]
[BlackElo "2040"]
[PlyCount "68"]
[EventDate "2018.07.13"]
[EventType "swiss"]
[EventRounds "9"]
[EventCountry "ESP"]
[SourceTitle "Ajedrez en Madrid"]
[Source "lmi"]
[SourceDate "2018.07.13"]
[SourceVersion "1"]
[SourceVersionDate "2019.06.21"]
[SourceQuality "1"]

1. d4 Nf6 2. c4 g6 3. f3 Bg7 4. e4 d6 5. Ne2 O-O 6. Be3 Nbd7 7. Qd2 c5 8. d5
Ne5 9. Nec3 e6 10. Be2 a6 11. f4 Neg4 12. e5 dxe5 13. Bxc5 Re8 14. O-O Qc7 15.
Ba3 exd5 16. h3 d4 17. hxg4 dxc3 18. Nxc3 Bxg4 19. Bd6 Rad8 20. fxe5 Bxe2 21.
Qxe2 Qd7 22. Rad1 Ng4 23. Ne4 f5 24. exf6 Nxf6 25. Nxf6+ Bxf6 26. Qf3 Bg7 27.
c5 Kh8 28. Qb3 Qg4 29. Rf4 Qg5 30. Qf3 Bxb2 31. Rf7 Bg7 32. Rxb7 Qh4 33. g3 Qh3
34. Qf7 Bd4+ 0-1

[Event "20. Obert Int. Sant Marti 2018"]
[Site "Barcelona ESP"]
[Date "2018.07.13"]
[Round "1.14"]
[White "Fernandez Cardoso, Alexey"]
[Black "Castrillo Mansego, Pablo"]
[Result "1-0"]
[WhiteElo "2439"]
[BlackElo "2020"]
[PlyCount "69"]
[EventDate "2018.07.13"]
[EventType "swiss"]
[EventRounds "9"]
[EventCountry "ESP"]
[SourceTitle "Ajedrez en Madrid"]
[Source "lmi"]
[SourceDate "2018.07.13"]
[SourceVersion "1"]
[SourceVersionDate "2019.06.21"]
[SourceQuality "1"]

1. e4 e6 2. d4 d5 3. Nd2 Nf6 4. e5 Nfd7 5. f4 c5 6. c3 Nc6 7. Ndf3 Be7 8. Bd3
cxd4 9. cxd4 f5 10. Ne2 a6 11. O-O O-O 12. Kh1 Kh8 13. Rg1 b5 14. g4 g6 15. Qf1
Rg8 16. Qh3 Na5 17. b3 Bb7 18. Rg2 Qf8 19. gxf5 gxf5 20. Ng5 Bxg5 21. fxg5 Qf7
22. Nf4 Nf8 23. Be2 Ng6 24. Bh5 Nc6 25. Nxg6+ Rxg6 26. Bxg6 Qxg6 27. Qh4 a5 28.
Bd2 b4 29. Rc1 Rc8 30. Rg3 Kg8 31. Rh3 f4 32. Qxf4 Rf8 33. Rh6 Qd3 34. Rf6 Re8
35. g6 1-0

[Event "20. Obert Int. Sant Marti 2018"]
[Site "Barcelona ESP"]
[Date "2018.07.13"]
[Round "1.15"]
[White "Haak, Eelco"]
[Black "Miciano, John Marvin"]
[Result "0-1"]
[WhiteElo "2015"]
[BlackElo "2411"]
[PlyCount "70"]
[EventDate "2018.07.13"]
[EventType "swiss"]
[EventRounds "9"]
[EventCountry "ESP"]
[SourceTitle "Ajedrez en Madrid"]
[Source "lmi"]
[SourceDate "2018.07.13"]
[SourceVersion "1"]
[SourceVersionDate "2019.06.21"]
[SourceQuality "1"]

1. d4 g6 2. e4 d6 3. c4 Bg7 4. Nc3 Nf6 5. f3 O-O 6. Be3 c6 7. Qd2 a6 8. Bh6 b5
9. h4 Qa5 10. Bxg7 Kxg7 11. h5 b4 12. hxg6 fxg6 13. Nce2 Ra7 14. Nh3 e5 15. Nf2
c5 16. d5 Nh5 17. g4 Nf4 18. Nxf4 exf4 19. Nh3 Qd8 20. O-O-O Qf6 21. Qh2 Kg8
22. g5 Qe5 23. Rg1 Nd7 24. Nf2 Nb6 25. Rd2 Qg7 26. Qh6 Qxh6 27. gxh6 Re7 28.
Rg5 Rfe8 29. b3 Nd7 30. Ng4 Kf7 31. Rg2 Ne5 32. Nh2 Kf6 33. Rg1 Nf7 34. R5g4 g5
35. R4g2 Rg8 0-1

[Event "20. Obert Int. Sant Marti 2018"]
[Site "Barcelona ESP"]
[Date "2018.07.13"]
[Round "1.16"]
[White "Ruiz Castillo, Joshua Daniel"]
[Black "Miralles Brugues, Jordi"]
[Result "1/2-1/2"]
[WhiteElo "2410"]
[BlackElo "2011"]
[PlyCount "143"]
[EventDate "2018.07.13"]
[EventType "swiss"]
[EventRounds "9"]
[EventCountry "ESP"]
[SourceTitle "Ajedrez en Madrid"]
[Source "lmi"]
[SourceDate "2018.07.13"]
[SourceVersion "1"]
[SourceVersionDate "2019.06.21"]
[SourceQuality "1"]

1. e4 c5 2. Nf3 d6 3. d4 cxd4 4. Nxd4 Nf6 5. Nc3 g6 6. Be3 Bg7 7. f3 O-O 8. Qd2
Nc6 9. O-O-O d5 10. exd5 Nxd5 11. Nxc6 bxc6 12. Nxd5 cxd5 13. Qxd5 Qc7 14. Qc5
Qb7 15. Qa3 Rb8 16. c3 Bf5 17. Ba6 Qc6 18. Bd3 Qd5 19. Bc2 Qe5 20. Qc5 Qe6 21.
Qxa7 Bxc2 22. Kxc2 Ra8 23. Qb6 Qf5+ 24. Kc1 Bxc3 25. Qc5 Be5 26. Kd2 Rxa2 27.
Ke2 Rxb2+ 28. Rd2 Rxd2+ 29. Bxd2 Rd8 30. Qc4 Bxh2 31. Rc1 Rxd2+ 32. Kxd2 Bf4+
33. Ke2 Bxc1 34. Qxc1 Qe5+ 35. Kf1 Kg7 36. Kg1 h5 37. Kh1 Qg3 38. Qc3+ e5 39.
Kg1 h4 40. Kf1 h3 41. gxh3 Qxh3+ 42. Kf2 Qh2+ 43. Kf1 Qf4 44. Kg2 g5 45. Kh3
Kg6 46. Qc6+ Qf6 47. Qa8 Kg7 48. Qb7 Qf5+ 49. Kg3 Qf4+ 50. Kh3 Qh4+ 51. Kg2 g4
52. fxg4 Qxg4+ 53. Kf2 Qf4+ 54. Kg2 e4 55. Qb3 e3 56. Qc3+ Kg6 57. Qc6+ Kh5 58.
Qe8 Qg4+ 59. Kh2 Qe2+ 60. Kg3 Qf2+ 61. Kh3 Qf3+ 62. Kh2 e2 63. Qh8+ Kg5 64.
Qg7+ Kh4 65. Qh6+ Kg4 66. Qg7+ Kf4 67. Qxf7+ Ke3 68. Qa7+ Kd2 69. Qa2+ Ke1 70.
Qb1+ Kd2 71. Qb2+ Kd1 72. Qb1+ 1/2-1/2

[Event "20. Obert Int. Sant Marti 2018"]
[Site "Barcelona ESP"]
[Date "2018.07.13"]
[Round "1.17"]
[White "Marchador Villalba, Jordi"]
[Black "Smirnov, Artem"]
[Result "0-1"]
[WhiteElo "2009"]
[BlackElo "2405"]
[PlyCount "124"]
[EventDate "2018.07.13"]
[EventType "swiss"]
[EventRounds "9"]
[EventCountry "ESP"]
[SourceTitle "Ajedrez en Madrid"]
[Source "lmi"]
[SourceDate "2018.07.13"]
[SourceVersion "1"]
[SourceVersionDate "2019.06.21"]
[SourceQuality "1"]

1. d4 Nf6 2. Bg5 d5 3. e3 c5 4. c3 Qb6 5. Qb3 Ne4 6. Bf4 c4 7. Qxb6 axb6 8.
Bxb8 Rxb8 9. Nd2 Nxd2 10. Kxd2 e6 11. g3 Bd6 12. Bg2 O-O 13. Ne2 Bd7 14. h4 Ra8
15. a3 Ra5 16. e4 dxe4 17. Bxe4 Bc6 18. Bxc6 bxc6 19. Rae1 Rfa8 20. f4 h6 21.
Kc2 Rb5 22. Ra1 g5 23. hxg5 hxg5 24. Rh5 Raa5 25. Rah1 Kf8 26. Rh8+ Ke7 27. Rg8
gxf4 28. gxf4 Rh5 29. Rh8 Rxh1 30. Rxh1 Rf5 31. Rh4 c5 32. Kd2 Kd7 33. Ke3
cxd4+ 34. Nxd4 Bc5 35. Ke4 Bxd4 36. Kxd4 b5 37. Ke3 Rd5 38. Ke2 Kc6 39. Rh7 f5
40. Rh8 Rd3 41. Re8 Kd5 42. Rb8 Ke4 43. Rxb5 Rh3 44. Re5+ Kxf4 45. Rxe6 Rh2+
46. Kd1 Rxb2 47. Rc6 Ke3 48. Rxc4 f4 49. Rc8 Rd2+ 50. Kc1 Ra2 51. Re8+ Kd3 52.
Rd8+ Ke3 53. Re8+ Kf2 54. c4 Rxa3 55. Kb2 Re3 56. Rd8 f3 57. c5 Re5 58. Rc8 Ke2
59. Kc3 f2 60. Kd4 Rf5 61. Re8+ Kd2 62. Ra8 Rf4+ 0-1

[Event "20. Obert Int. Sant Marti 2018"]
[Site "Barcelona ESP"]
[Date "2018.07.13"]
[Round "1.18"]
[White "Perez Mitjans, Orelvis"]
[Black "Chang, Suzana"]
[Result "1-0"]
[WhiteElo "2399"]
[BlackElo "2005"]
[PlyCount "129"]
[EventDate "2018.07.13"]
[EventType "swiss"]
[EventRounds "9"]
[EventCountry "ESP"]
[SourceTitle "Ajedrez en Madrid"]
[Source "lmi"]
[SourceDate "2018.07.13"]
[SourceVersion "1"]
[SourceVersionDate "2019.06.21"]
[SourceQuality "1"]

1. e4 c5 2. Nf3 e6 3. d4 cxd4 4. Nxd4 Nc6 5. Nxc6 dxc6 6. Bd3 e5 7. O-O Bc5 8.
Nd2 Nf6 9. Nc4 Qe7 10. Qf3 O-O 11. Qg3 Re8 12. Bg5 Qe6 13. Rae1 Nh5 14. Qh4 Qg4
15. Qxg4 Bxg4 16. Kh1 f6 17. Bd2 Rad8 18. b4 Bf8 19. f3 Be6 20. Na5 Rb8 21. a3
Nf4 22. Bc4 Bxc4 23. Nxc4 Ne6 24. Be3 b5 25. Na5 c5 26. bxc5 Bxc5 27. Nc6 Rb7
28. Bxc5 Nxc5 29. Rd1 Rc7 30. Nb4 Ne6 31. Rd6 a5 32. Nc6 Nf8 33. Nxa5 Rxc2 34.
Rd5 Rec8 35. Rxb5 Ra2 36. Nb7 Rcc2 37. Rg1 Rxa3 38. Nd6 Rd3 39. Rb6 h5 40. Nf5
Rcd2 41. h4 Rd1 42. Rxd1 Rxd1+ 43. Kh2 Rd7 44. Ng3 Ng6 45. Nxh5 Kf7 46. Kh3 Nf8
47. Ng3 Ne6 48. Rb2 g6 49. Kh2 Nd4 50. Nf1 f5 51. Ne3 Rc7 52. Nd5 Ra7 53. Rb6
Ra2 54. Kh3 Re2 55. exf5 Nxf5 56. h5 Rd2 57. hxg6+ Kg7 58. Nf6 Ne7 59. Ne4 Rd7
60. Kg4 Nxg6 61. g3 Rf7 62. Re6 Kh6 63. Nd6 Ra7 64. Nf5+ Kh7 65. Kg5 1-0

[Event "20. Obert Int. Sant Marti 2018"]
[Site "Barcelona ESP"]
[Date "2018.07.13"]
[Round "1.19"]
[White "Garcia Ruiz, Adrian"]
[Black "Eggleston, David J"]
[Result "0-1"]
[WhiteElo "1995"]
[BlackElo "2397"]
[PlyCount "56"]
[EventDate "2018.07.13"]
[EventType "swiss"]
[EventRounds "9"]
[EventCountry "ESP"]
[SourceTitle "Ajedrez en Madrid"]
[Source "lmi"]
[SourceDate "2018.07.13"]
[SourceVersion "1"]
[SourceVersionDate "2019.06.21"]
[SourceQuality "1"]

1. e4 c5 2. Nf3 d6 3. d4 Nf6 4. Nc3 cxd4 5. Nxd4 a6 6. Bg5 e6 7. f4 Be7 8. Qf3
Qc7 9. O-O-O Nbd7 10. g4 b5 11. Bxf6 Nxf6 12. g5 Nd7 13. f5 O-O 14. h4 b4 15.
Nce2 Bb7 16. fxe6 Nc5 17. Ng3 fxe6 18. Qg4 Rf2 19. Bc4 d5 20. Nxe6 Nxe6 21.
Qxe6+ Kh8 22. Bd3 Re8 23. Kb1 Bc8 24. Qxd5 Rd8 25. Qb3 Qxg3 26. Rdg1 Qe5 27. h5
Be6 28. Qa4 Rxd3 0-1

[Event "20. Obert Int. Sant Marti 2018"]
[Site "Barcelona ESP"]
[Date "2018.07.13"]
[Round "1.20"]
[White "Alarcon Casellas, Rolando"]
[Black "Rodriguez Vega, Blas"]
[Result "1-0"]
[WhiteElo "2389"]
[BlackElo "1992"]
[PlyCount "53"]
[EventDate "2018.07.13"]
[EventType "swiss"]
[EventRounds "9"]
[EventCountry "ESP"]
[SourceTitle "Ajedrez en Madrid"]
[Source "lmi"]
[SourceDate "2018.07.13"]
[SourceVersion "1"]
[SourceVersionDate "2019.06.21"]
[SourceQuality "1"]

1. Nf3 Nf6 2. d4 g6 3. Bf4 Bg7 4. e3 O-O 5. h3 d6 6. Be2 Re8 7. O-O c5 8. c3
Nc6 9. Bh2 Qb6 10. Na3 Bf5 11. Nc4 Qd8 12. a4 Rc8 13. dxc5 dxc5 14. Qb3 Na5 15.
Nxa5 Qxa5 16. Bc4 e6 17. Qxb7 Be4 18. Qb5 Qb6 19. Rfd1 Bc6 20. Qxb6 axb6 21.
Ne5 Bd5 22. Bb5 Red8 23. Nc4 Bxc4 24. Bxc4 Nd7 25. Ba6 Ra8 26. Bc7 Rf8 27. Bb5
1-0

[Event "20. Obert Int. Sant Marti 2018"]
[Site "Barcelona ESP"]
[Date "2018.07.13"]
[Round "1.21"]
[White "Rusconi, Benito"]
[Black "Valenzuela Gomez, Fernando"]
[Result "0-1"]
[WhiteElo "1981"]
[BlackElo "2389"]
[PlyCount "48"]
[EventDate "2018.07.13"]
[EventType "swiss"]
[EventRounds "9"]
[EventCountry "ESP"]
[SourceTitle "Ajedrez en Madrid"]
[Source "lmi"]
[SourceDate "2018.07.13"]
[SourceVersion "1"]
[SourceVersionDate "2019.06.21"]
[SourceQuality "1"]

1. e4 Nf6 2. e5 Nd5 3. d4 d6 4. c4 Nb6 5. exd6 cxd6 6. d5 e5 7. Bd3 g6 8. b3
Bg7 9. Bb2 O-O 10. Nc3 e4 11. Bc2 Qg5 12. g3 Re8 13. h4 Qe7 14. Qe2 h5 15. Qe3
Na6 16. O-O-O Nb4 17. a3 Nxc2 18. Kxc2 Bg4 19. Re1 Rac8 20. f3 Bf5 21. fxe4
Nxd5 22. Nxd5 Qxe4+ 23. Qxe4 Rxe4 24. Ne3 Rxe3+ 0-1

[Event "20. Obert Int. Sant Marti 2018"]
[Site "Barcelona ESP"]
[Date "2018.07.13"]
[Round "1.22"]
[White "Vidarte Morales, Arturo"]
[Black "Jijo, Joy"]
[Result "1-0"]
[WhiteElo "2381"]
[BlackElo "1969"]
[PlyCount "73"]
[EventDate "2018.07.13"]
[EventType "swiss"]
[EventRounds "9"]
[EventCountry "ESP"]
[SourceTitle "Ajedrez en Madrid"]
[Source "lmi"]
[SourceDate "2018.07.13"]
[SourceVersion "1"]
[SourceVersionDate "2019.06.21"]
[SourceQuality "1"]

1. d4 Nf6 2. c4 g6 3. Nc3 d5 4. cxd5 Nxd5 5. Nf3 Bg7 6. g3 O-O 7. Bg2 Nxc3 8.
bxc3 c5 9. O-O Nc6 10. e3 Bf5 11. Qe2 Qc8 12. Ba3 cxd4 13. cxd4 Bh3 14. Rac1
Bxg2 15. Kxg2 Qd7 16. Rfd1 Rfe8 17. Qb5 Rac8 18. d5 Ne5 19. Qxd7 Nxd7 20. Rxc8
Rxc8 21. Bxe7 Bf8 22. Bxf8 Kxf8 23. Rd2 Ke7 24. h4 Nf6 25. d6+ Kd7 26. Ng5 Rf8
27. Rd4 h6 28. Nf3 Ke6 29. e4 Ng4 30. Rd5 Nf6 31. Rb5 Rd8 32. Rxb7 Rd7 33. Rb5
Kxd6 34. e5+ Kc6 35. Rb3 Ne8 36. e6 Re7 37. exf7 1-0

[Event "20. Obert Int. Sant Marti 2018"]
[Site "Barcelona ESP"]
[Date "2018.07.13"]
[Round "1.23"]
[White "Albero Figueras, Emilio"]
[Black "Gonzales, Jayson"]
[Result "0-1"]
[WhiteElo "1968"]
[BlackElo "2367"]
[PlyCount "90"]
[EventDate "2018.07.13"]
[EventType "swiss"]
[EventRounds "9"]
[EventCountry "ESP"]
[SourceTitle "Ajedrez en Madrid"]
[Source "lmi"]
[SourceDate "2018.07.13"]
[SourceVersion "1"]
[SourceVersionDate "2019.06.21"]
[SourceQuality "1"]

1. d4 d5 2. e3 c5 3. Nf3 Nc6 4. Bd3 Bg4 5. c3 e6 6. Nbd2 Nf6 7. Qa4 Nd7 8. Bb5
Qc7 9. dxc5 Bxf3 10. Nxf3 Nxc5 11. Qg4 a6 12. Bxc6+ bxc6 13. O-O h5 14. Qd4 Ne4
15. c4 f6 16. cxd5 cxd5 17. Bd2 Bc5 18. Qa4+ Qd7 19. Qa5 O-O 20. Rac1 Rfc8 21.
Bc3 Be7 22. Qb6 Rc6 23. Qb3 Rac8 24. Rfd1 Kf7 25. Qa4 Qb7 26. Qc2 R6c7 27. Nd4
Bb4 28. Ne2 Qb5 29. f3 Nxc3 30. Nxc3 Bxc3 31. bxc3 Qc5 32. Qd3 Qa3 33. h3 f5
34. Kh2 h4 35. g3 hxg3+ 36. Kxg3 Rc4 37. f4 Kf6 38. Kf3 Rh8 39. Rh1 Kf7 40. h4
Qd6 41. h5 d4 42. Kf2 dxe3+ 43. Ke2 Qc6 44. Rh2 Rxh5 45. Rxh5 Qg2+ 0-1

[Event "20. Obert Int. Sant Marti 2018"]
[Site "Barcelona ESP"]
[Date "2018.07.13"]
[Round "1.24"]
[White "Abhishek, Das"]
[Black "Nigalidze, Zviad"]
[Result "1-0"]
[WhiteElo "2325"]
[BlackElo "1968"]
[PlyCount "77"]
[EventDate "2018.07.13"]
[EventType "swiss"]
[EventRounds "9"]
[EventCountry "ESP"]
[SourceTitle "Ajedrez en Madrid"]
[Source "lmi"]
[SourceDate "2018.07.13"]
[SourceVersion "1"]
[SourceVersionDate "2019.06.21"]
[SourceQuality "1"]

1. e4 c5 2. Nc3 e6 3. Nge2 Nc6 4. d4 cxd4 5. Nxd4 Bc5 6. Nb3 Bb4 7. Bd3 Qf6 8.
Bd2 a6 9. O-O h5 10. f4 Qd8 11. Kh1 Nf6 12. a3 Ng4 13. Qe1 Be7 14. Nd5 exd5 15.
exd5 d6 16. dxc6 bxc6 17. Nd4 Bd7 18. Ba5 Qc8 19. Qe2 Kf8 20. Rae1 Bh4 21. Rb1
c5 22. Nf3 Bf6 23. Bc3 Qe8 24. Qd2 Bxc3 25. bxc3 Bb5 26. Bxb5 axb5 27. Qxd6+
Qe7 28. Qc6 Rb8 29. Rbe1 Rh6 30. Qd5 Rd8 31. Qg5 Qxg5 32. fxg5 Re6 33. Rxe6
fxe6 34. Nd4+ Kg8 35. Nxe6 Rd5 36. Rf8+ Kh7 37. g6+ Kh6 38. Rh8+ Kxg6 39. Nf4+
1-0

[Event "20. Obert Int. Sant Marti 2018"]
[Site "Barcelona ESP"]
[Date "2018.07.13"]
[Round "1.25"]
[White "Niklesh, Kumar Jain"]
[Black "Neelash, Saha"]
[Result "0-1"]
[WhiteElo "1955"]
[BlackElo "2319"]
[PlyCount "60"]
[EventDate "2018.07.13"]
[EventType "swiss"]
[EventRounds "9"]
[EventCountry "ESP"]
[SourceTitle "Ajedrez en Madrid"]
[Source "lmi"]
[SourceDate "2018.07.13"]
[SourceVersion "1"]
[SourceVersionDate "2019.06.21"]
[SourceQuality "1"]

1. e4 c5 2. Nf3 d6 3. Bb5+ Nc6 4. Bxc6+ bxc6 5. O-O e5 6. d3 Ne7 7. Nc3 Ng6 8.
Ne2 Bg4 9. Ne1 d5 10. f3 Bc8 11. Be3 Ba6 12. b3 Be7 13. Ng3 O-O 14. Nf5 c4 15.
bxc4 dxc4 16. d4 Bb4 17. Rb1 Qa5 18. dxe5 Rfd8 19. Qe2 c3 20. Nd3 Nxe5 21. Rfd1
Qxa2 22. Nxb4 Qxb1 23. Rxb1 Bxe2 24. Na2 Rd1+ 25. Rxd1 Bxd1 26. Nxc3 Bxc2 27.
Bd4 f6 28. f4 Ng6 29. Ne3 Bb3 30. g3 a5 0-1

[Event "20. Obert Int. Sant Marti 2018"]
[Site "Barcelona ESP"]
[Date "2018.07.13"]
[Round "1.26"]
[White "Frayna, Janelle Mae"]
[Black "Magallanes, Gustavo"]
[Result "1-0"]
[WhiteElo "2315"]
[BlackElo "1952"]
[PlyCount "101"]
[EventDate "2018.07.13"]
[EventType "swiss"]
[EventRounds "9"]
[EventCountry "ESP"]
[SourceTitle "Ajedrez en Madrid"]
[Source "lmi"]
[SourceDate "2018.07.13"]
[SourceVersion "1"]
[SourceVersionDate "2019.06.21"]
[SourceQuality "1"]

1. e4 c5 2. Nf3 e6 3. g3 Nc6 4. Bg2 Qc7 5. O-O Nf6 6. Re1 d6 7. c3 Ne5 8. d4
Nxf3+ 9. Qxf3 e5 10. Qd3 Be7 11. h3 O-O 12. Be3 Bd7 13. Nd2 Ne8 14. f4 Rd8 15.
Nf3 f6 16. Qc4+ Kh8 17. a4 b6 18. Kh2 g6 19. d5 Ng7 20. fxe5 dxe5 21. Bh6 Bd6
22. Qe2 Rb8 23. Nd2 Rf7 24. Nc4 Ne8 25. Be3 Bf8 26. Rf1 Kg8 27. g4 Nd6 28. Nd2
Re8 29. b4 Nb7 30. Rab1 Bd6 31. Qa6 Qb8 32. Nc4 Bc8 33. Nxd6 Nxd6 34. Qe2 cxb4
35. cxb4 Bb7 36. a5 bxa5 37. bxa5 Qd8 38. a6 Bc8 39. Rb8 Qa5 40. Rfb1 Bxa6 41.
Qf2 Rxb8 42. Rxb8+ Kg7 43. g5 f5 44. Bd4 Re7 45. Bc5 Qc7 46. Ra8 Rf7 47. Rxa7
Bb7 48. exf5 Nxf5 49. d6 Nxd6 50. Qg1 e4 51. Qd4+ 1-0

[Event "20. Obert Int. Sant Marti 2018"]
[Site "Barcelona ESP"]
[Date "2018.07.13"]
[Round "1.27"]
[White "Salvany Rius, Joaquim"]
[Black "Cruz, Filemon"]
[Result "0-1"]
[WhiteElo "1952"]
[BlackElo "2314"]
[PlyCount "46"]
[EventDate "2018.07.13"]
[EventType "swiss"]
[EventRounds "9"]
[EventCountry "ESP"]
[SourceTitle "Ajedrez en Madrid"]
[Source "lmi"]
[SourceDate "2018.07.13"]
[SourceVersion "1"]
[SourceVersionDate "2019.06.21"]
[SourceQuality "1"]

1. e4 c5 2. Nf3 e6 3. d4 cxd4 4. Nxd4 a6 5. Nc3 Qc7 6. a3 Nf6 7. f4 d6 8. Be2
Be7 9. O-O O-O 10. Kh1 b5 11. Bf3 Bb7 12. Qe1 Nbd7 13. f5 e5 14. Nb3 Rfe8 15.
g4 d5 16. exd5 e4 17. Nxe4 Nxd5 18. Na5 Ne5 19. Nxb7 Nxf3 20. Rxf3 Qxb7 21. Qf2
Bh4 22. Ng3 Nf6 23. h3 Ne4 0-1

[Event "20. Obert Int. Sant Marti 2018"]
[Site "Barcelona ESP"]
[Date "2018.07.13"]
[Round "1.28"]
[White "Mitrabha, Guha"]
[Black "Coste, Roman"]
[Result "1-0"]
[WhiteElo "2299"]
[BlackElo "1948"]
[PlyCount "65"]
[EventDate "2018.07.13"]
[EventType "swiss"]
[EventRounds "9"]
[EventCountry "ESP"]
[SourceTitle "Ajedrez en Madrid"]
[Source "lmi"]
[SourceDate "2018.07.13"]
[SourceVersion "1"]
[SourceVersionDate "2019.06.21"]
[SourceQuality "1"]

1. d4 d5 2. Nf3 Nf6 3. c4 c6 4. Nc3 e6 5. g3 dxc4 6. a4 Bb4 7. Bg2 Nbd7 8. O-O
O-O 9. Qc2 a5 10. e4 Bxc3 11. bxc3 b5 12. h4 Re8 13. e5 Nd5 14. Ng5 f5 15. axb5
cxb5 16. Nxe6 Rxe6 17. Bxd5 Raa6 18. Bg5 Qc7 19. Qxf5 Nf8 20. Qf3 h6 21. Bf4
Rab6 22. Rxa5 Bb7 23. Bxb7 Rxb7 24. Ra8 Rb8 25. Rxb8 Qxb8 26. d5 Re8 27. e6 Qb7
28. Kg2 Rd8 29. Re1 Ng6 30. d6 Qb6 31. e7 Re8 32. Qd5+ Kh7 33. Be3 1-0

[Event "20. Obert Int. Sant Marti 2018"]
[Site "Barcelona ESP"]
[Date "2018.07.13"]
[Round "1.29"]
[White "Supriya, Joshi"]
[Black "Navarro Lopez-Menchero, Daniel"]
[Result "0-1"]
[WhiteElo "1941"]
[BlackElo "2297"]
[PlyCount "72"]
[EventDate "2018.07.13"]
[EventType "swiss"]
[EventRounds "9"]
[EventCountry "ESP"]
[SourceTitle "Ajedrez en Madrid"]
[Source "lmi"]
[SourceDate "2018.07.13"]
[SourceVersion "1"]
[SourceVersionDate "2019.06.21"]
[SourceQuality "1"]

1. d4 d5 2. c4 dxc4 3. e3 e6 4. Bxc4 a6 5. a4 Nf6 6. Nf3 Nc6 7. O-O Bb4 8. Nc3
O-O 9. Qe2 Na5 10. Ba2 c5 11. Rd1 Qe7 12. Ne5 b6 13. dxc5 bxc5 14. e4 Bb7 15.
f3 Rfd8 16. Bg5 Qc7 17. Bxf6 gxf6 18. Ng4 Qf4 19. g3 Qg5 20. f4 Qg7 21. e5 f5
22. Nf6+ Kh8 23. Rxd8+ Rxd8 24. Rd1 Rd4 25. Bc4 Nxc4 26. Rxd4 cxd4 27. Qxc4 Qf8
28. Na2 Be7 29. b4 Bxf6 30. Qc7 Bd5 31. exf6 Bxa2 32. Qb6 Qc8 33. Qxd4 Bd5 34.
b5 axb5 35. axb5 Qc2 36. Kf1 Qc4+ 0-1

[Event "20. Obert Int. Sant Marti 2018"]
[Site "Barcelona ESP"]
[Date "2018.07.13"]
[Round "1.31"]
[White "Rojas Fernandez, Andres"]
[Black "Gonzalez Rodriguez, Jorge A."]
[Result "0-1"]
[WhiteElo "1933"]
[BlackElo "2271"]
[PlyCount "84"]
[EventDate "2018.07.13"]
[EventType "swiss"]
[EventRounds "9"]
[EventCountry "ESP"]
[SourceTitle "Ajedrez en Madrid"]
[Source "lmi"]
[SourceDate "2018.07.13"]
[SourceVersion "1"]
[SourceVersionDate "2019.06.21"]
[SourceQuality "1"]

1. e4 e6 2. d4 d5 3. Nd2 Nf6 4. e5 Ng8 5. Bd3 c5 6. c3 cxd4 7. cxd4 Qb6 8. Ne2
Bd7 9. O-O Bb5 10. Nb3 Ne7 11. Bxb5+ Qxb5 12. Nc3 Qb6 13. Na4 Qc7 14. Bd2 Nbc6
15. Rc1 b6 16. Bb4 Qd7 17. Bd6 Nf5 18. Bxf8 Kxf8 19. Nc3 h5 20. Qd2 Rc8 21. Ne2
g6 22. Ng3 Kg7 23. Nxf5+ exf5 24. Rc2 a5 25. a3 a4 26. Nc1 Na5 27. Rxc8 Rxc8
28. Qb4 Qc6 29. Nd3 Nb3 30. Nf4 Re8 31. Re1 b5 32. Ne2 Qc4 33. Qxc4 bxc4 34.
Rd1 Rb8 35. Nc3 Na5 36. Nxa4 Rb3 37. Rd2 c3 38. Nxc3 Nc4 39. Rc2 Nxb2 40. f4
Nd3 41. g3 Rxa3 42. Nxd5 Ra1+ 0-1

[Event "20. Obert Int. Sant Marti 2018"]
[Site "Barcelona ESP"]
[Date "2018.07.13"]
[Round "1.32"]
[White "Serarols Mabras, Bernat"]
[Black "Cabot Muntane, Jordi"]
[Result "1-0"]
[WhiteElo "2269"]
[BlackElo "1933"]
[PlyCount "41"]
[EventDate "2018.07.13"]
[EventType "swiss"]
[EventRounds "9"]
[EventCountry "ESP"]
[SourceTitle "Ajedrez en Madrid"]
[Source "lmi"]
[SourceDate "2018.07.13"]
[SourceVersion "1"]
[SourceVersionDate "2019.06.21"]
[SourceQuality "1"]

1. d4 f5 2. Nc3 Nf6 3. Bg5 d5 4. Bxf6 exf6 5. e3 Be6 6. Qf3 Qd7 7. Bb5 Nc6 8.
Nge2 O-O-O 9. Nf4 Bf7 10. Nd3 g6 11. a3 a6 12. Ba4 Bg7 13. Nb4 Qd6 14. Bxc6
bxc6 15. Nxa6 Rde8 16. Nc5 Be6 17. O-O Kb8 18. b4 g5 19. Rab1 g4 20. Qe2 Bc8
21. b5 1-0